书目信息 |
| 题名: |
中国字典词典史话
|
|
| 作者: | 张明华 著 | |
| 分册: | ||
| 出版信息: | 北京 商务印书馆 1998.11 |
|
| 页数: | 186页 | |
| 开本: | 32开 | |
| 丛书名: | 中华文化史知识丛书 | |
| 单 册: | ||
| 中图分类: | H16 | |
| 科图分类: | ||
| 主题词: | 汉语--词典学--中国--古代 | |
| 电子资源: | ||
| ISBN: | 7-100-02577-X | |
| 000 | 00602nam0 2200229 45 | |
| 001 | 0005111515 | |
| 005 | 20031219104045.1 | |
| 010 | @a7-100-02577-X@dCNY12.10 | |
| 100 | @a20000511d1998 km y0chiy0120 ea | |
| 101 | @achi | |
| 105 | @a z 000yy | |
| 200 | 1 | @a中国字典词典史话@f张明华著 |
| 205 | @a增订版 | |
| 210 | @a北京@c商务印书馆@d1998.11 | |
| 215 | @a186页@c冠图@d32开 | |
| 225 | @a中华文化史知识丛书 | |
| 410 | @12001 @a中华文化史知识丛书 | |
| 606 | 0 | @a汉语@x词典学@y中国@z古代 |
| 690 | @aH16@v1 | |
| 701 | @a张明华@4著 | |
| 801 | @aCN@bTSTC@c20000511 | |
| 905 | @f1@b288358@dH16@e119 | |
| 中国字典词典史话/张明华著.-增订版.-北京:商务印书馆,1998.11 |
| 186页:冠图;32开.-(中华文化史知识丛书) |
| ISBN 7-100-02577-X:CNY12.10 |
| ● |
| 相关链接 |
|
|
|
|
正题名:中国字典词典史话
索取号:H16/119
 
预约/预借
| 序号 | 登录号 | 条形码 | 馆藏地/架位号 | 状态 | 备注 |
| 1 | 0288358 | 002883589 | 第二样本阅览室/ [索取号:H16/119] | 在馆 |